আমার ছেলেবেলা / (Record no. 49823)
[ view plain ]
| 000 -LEADER | |
|---|---|
| fixed length control field | 00782nam a2200217 a 4500 |
| 001 - CONTROL NUMBER | |
| control field | 49823 |
| 003 - CONTROL NUMBER IDENTIFIER | |
| rucl marc code | BD-RjUL |
| 005 - DATE AND TIME OF LATEST TRANSACTION | |
| control field | 20211209054732.0 |
| 008 - FIXED-LENGTH DATA ELEMENTS--GENERAL INFORMATION | |
| fixed length control field | 160822s bg ||||| |||| 00| 0 ben d |
| 035 ## - SYSTEM CONTROL NUMBER | |
| System control number | (BD-RjUL)49943 |
| 040 ## - CATALOGING SOURCE | |
| Original cataloging agency | BD-RjUL |
| Language of cataloging | ben |
| Transcribing agency | BD-RjUL |
| 041 ## - LANGUAGE CODE | |
| Language code of text/sound track or separate title | ben |
| 082 ## - DEWEY DECIMAL CLASSIFICATION NUMBER | |
| Edition number | 23 |
| Classification number | 891.73 |
| Author mark and year | GOA |
| 100 ## - MAIN ENTRY--PERSONAL NAME | |
| Personal name | গোর্কি, ম. |
| 9 (RLIN) | 122871 |
| 245 10 - TITLE STATEMENT | |
| Title | আমার ছেলেবেলা / |
| Statement of responsibility, etc. | ম. গোর্কি |
| 260 ## - PUBLICATION, DISTRIBUTION, ETC. (IMPRINT) | |
| Place of publication, distribution, etc. | মস্কো : |
| Name of publisher, distributor, etc. | বিদেশী সাহিত্য প্রকাশ, |
| Date of publication, distribution, etc. | ? |
| 300 ## - PHYSICAL DESCRIPTION | |
| Pagination | ৪৪২ পৃ. : |
| Illustrations | চিত্র ; |
| Size | ২১ সেমি |
| 650 ## - SUBJECT ADDED ENTRY--TOPICAL TERM | |
| Topical term or geographic name as entry element | রাশিয়া সাহিত্য |
| General subdivision | উপন্যাস |
| 9 (RLIN) | 122872 |
| Topical term or geographic name as entry element | Russian Literature |
| General subdivision | Fiction |
| 9 (RLIN) | 122873 |
| 942 ## - ADDED ENTRY ELEMENTS (KOHA) | |
| Source of classification or shelving scheme | Dewey Decimal Classification |
| Koha item type | Books |
| Lost status | Source of classification or shelving scheme | Damaged status | Not for loan | Collection code | Permanent Location | Current Location | Shelving location | Date acquired | Source of acquisition | Total Checkouts | Full call number | Date last seen | Date checked out | Copy number | Koha item type |
|---|---|---|---|---|---|---|---|---|---|---|---|---|---|---|---|
| Dewey Decimal Classification | Non-fiction | Central Library, University of Rajshahi | Central Library, University of Rajshahi | 26/09/1958 | U. S. S. | 1 | B 891.73 GOA | 05/04/2018 | 26/02/2018 | C-2 | Books |